|
|
|
|
| LEADER |
01242nam a22003492a 4500 |
| 001 |
000888283 |
| 003 |
CZ BrMZK |
| 005 |
20180530101008.0 |
| 007 |
ta |
| 008 |
080303s1991 xr er|||||||||||cze d |
| 015 |
|
|
|a cnb000064258
|
| 020 |
|
|
|a 80-7066-424-X
|q (Brož.) :
|c Kčs 25,00
|
| 035 |
|
|
|a (OCoLC)39567178
|
| 040 |
|
|
|a ABA001
|b cze
|d ABA001
|
| 072 |
|
7 |
|a 33
|x Ekonomie
|2 Konspekt
|9 4
|
| 072 |
|
7 |
|a 37.016
|x Učební osnovy. Vyučovací předměty. Učebnice
|2 Konspekt
|9 22
|
| 080 |
|
|
|a 330.101.542
|2 MRF
|
| 080 |
|
|
|a (075.8)
|2 MRF
|
| 100 |
1 |
|
|a Hlaváček, Jiří,
|d 1947-
|7 jo2002103166
|4 aut
|
| 245 |
1 |
0 |
|a Úvod do mikroekonomické analýzy /
|c Jiří Hlaváček, Dušan Tříska, předmluva Luděk Urban
|
| 250 |
|
|
|a 1. vyd.
|
| 260 |
|
|
|a Praha :
|b Karolinum,
|c 1991
|
| 300 |
|
|
|a 142 s. :
|b grafy ;
|c 29 cm
|
| 500 |
|
|
|a 300 výt.
|
| 650 |
0 |
7 |
|a mikroekonomie
|7 ph115305
|x analýza
|2 czenas
|
| 655 |
|
7 |
|a učebnice vysokých škol
|7 fd133772
|2 czenas
|
| 700 |
1 |
|
|a Tříska, Dušan,
|d 1946-
|7 jn20000402440
|4 aut
|
| 700 |
1 |
|
|a Urban, Luděk,
|d 1927-2013
|7 jk01140817
|4 wfw
|
| 910 |
|
|
|a BOA001
|b 4-0970.691
|
| 990 |
|
|
|a BK
|
| 991 |
|
|
|b 200802
|
| 996 |
7 |
|
|b 2619255235
|c 4-0970.691
|l MZK
|r Sklad / do 1 hodiny
|n 7
|w 000888283
|u 000010
|a 1
|e BOA001
|j MZK50
|s A
|